Κατάλογος Βιβλιοθηκών Mediterranean College

Statistics for the Behavioral Sciences (Record no. 6178)

MARC details
000 -LEADER
fixed length control field 01505cam a22002054a 4500
005 - ΗΜΕΡΟΜΗΝΙΑ ΚΑΙ ΩΡΑ ΤΕΛΕΥΤΑΙΑΣ ΕΝΗΜΕΡΩΣΗΣ
Πεδίο ελέγχου 20250605164235.0
008 - FIXED-LENGTH DATA ELEMENTS--GENERAL INFORMATION
Πεδίο ελέγχου σταθερού μήκους 250528s ||||||||||||||||||||||||d
035 ## - SYSTEM CONTROL NUMBER
System control number 21109
020 ## - ISBN
ISBN 9780716750079
040 ## - ΠΗΓΗ ΚΑΤΑΛΟΓΟΓΡΑΦΗΣΗΣ
Φορέας πρωτότυπης καταλογογράφησης MC Athens Campus Library
Γλώσσα καταλογογράφησης Ελληνικά, Μοντέρνα (1453-)
Modifying agency MC Athens Campus Library
Κανόνες περιγραφικής καταλογογράφησης AACR2
245 1# - ΤΙΤΛΟΣ ΚΑΙ ΔΗΛΩΣΗ ΥΠΕΥΘΥΝΟΤΗΤΑΣ
Τίτλος Statistics for the Behavioral Sciences
260 ## - PUBLICATION, DISTRIBUTION, ETC.
Name of publisher, distributor, etc. Worth Publishers,
Date of publication, distribution, etc. 2008
300 ## - PHYSICAL DESCRIPTION
Extent 842
520 ## - SUMMARY, ETC.
Summary, etc. Preface, An Introduction to Statistics and Research Design: The Basic Elements of Statistical Reasoning, Descriptive Statistics: Organizing and Summarizing and Graphing Individual Variables, Visual Displays of Data: Graphs That Tell a Story, Probabilities and Research: The Risks and Rewards of Scientific Sampling, Correlation: Quantifying the Relation Between Two Variables, Regression: Tools for Predicting Behavior, Inferential Statistics: The Surprising Story of the Normal Curve, Hypothesis Testing with z Tests: Making Meaningful Comparisons, Hypothesis Testing with t Tests: Comparing Two Groups, Hypothesis Testing with One-Way ANOVA: Comparing Three or More Groups, Two-Way ANOVA: Understanding Interactions, Beyond Hypothesis Testing: Confidence Intervals and Effect Size and Power, Chi-Square: Expectations Versus Observations, Beyond Chi-Square: Nonparametric Tests with Ordinal Data, Choosing a Statistical Test and Reporting the Results: The Process of Statistics, Appendices, Index.
700 1# - ΠΡΟΣΘΕΤΗ ΑΝΑΓΡΑΦΗ--ΦΥΣΙΚΟ ΠΡΟΣΩΠΟ
Personal name Heinzen Thomas E
9 (RLIN) 7136
700 1# - ΠΡΟΣΘΕΤΗ ΑΝΑΓΡΑΦΗ--ΦΥΣΙΚΟ ΠΡΟΣΩΠΟ
Personal name Nolan Suzan A
9 (RLIN) 7137
942 ## - ADDED ENTRY ELEMENTS (KOHA)
Koha item type Books
Holdings
Τύπος τεκμηρίου Βιβλιοθήκη Τρέχουσα τοποθεσία Barcode Αριθμός εισαγωγής Ημερομηνία απόκτησης Ταξιθετικό σύμβολο Αριθμός αντιτύπου Κατάσταση απόσυρσης Κατάσταση χαμένου Κατάσταση κατεστραμμένου Μη δανεισμός Σύνολο δανεισμών Ημερομηνία τελευταίας εμφάνισης Η τιμή ισχύει από
Books MC Athens Campus Library MC Athens Campus Library 9780000061775 2283 05/06/2025 519.5 NOL 1           05/06/2025 05/06/2025

MC Athens Campus Library
Πατησίων 94 & Κοδριγκτώνος 13, 104 34
Πελλήνης 8 & Πατησίων 107, 112 51
Τ: +30 210 8899600

MC Thessaloniki Campus Library
Ίωνος Δραγούμη 21, 54625 | Ίωνος Δραγούμη 15, 54625
Τ: +30 2310 287779 – Τ: +30 2314 440300